Κατάλογος Βιβλιοθηκών Mediterranean College

Ανάλυση Λόγου / Θεωρία και Εφαρμογές (Record no. 3152)

MARC details
000 -LEADER
fixed length control field 01946cam a22002174a 4500
005 - ΗΜΕΡΟΜΗΝΙΑ ΚΑΙ ΩΡΑ ΤΕΛΕΥΤΑΙΑΣ ΕΝΗΜΕΡΩΣΗΣ
Πεδίο ελέγχου 20250605164106.0
008 - FIXED-LENGTH DATA ELEMENTS--GENERAL INFORMATION
Πεδίο ελέγχου σταθερού μήκους 250528s ||||||||||||||||||||||||d
035 ## - SYSTEM CONTROL NUMBER
System control number 17751
020 ## - ISBN
ISBN 9789609535854
040 ## - ΠΗΓΗ ΚΑΤΑΛΟΓΟΓΡΑΦΗΣΗΣ
Φορέας πρωτότυπης καταλογογράφησης MC Athens Campus Library
Γλώσσα καταλογογράφησης Ελληνικά, Μοντέρνα (1453-)
Modifying agency MC Athens Campus Library
Κανόνες περιγραφικής καταλογογράφησης AACR2
245 1# - ΤΙΤΛΟΣ ΚΑΙ ΔΗΛΩΣΗ ΥΠΕΥΘΥΝΟΤΗΤΑΣ
Τίτλος Ανάλυση Λόγου / Θεωρία και Εφαρμογές
260 ## - PUBLICATION, DISTRIBUTION, ETC.
Name of publisher, distributor, etc. Νήσος,
Date of publication, distribution, etc. 2014
300 ## - PHYSICAL DESCRIPTION
Extent 566
520 ## - SUMMARY, ETC.
Summary, etc. Η επικοινωνιακή διάσταση της γλώσσας, κυρίως σε ό,τι αφορά τη διεκπεραίωση της καθημερινότητας, αποτελεί ένα νεότερο πεδίο ανάπτυξης της γλωσσολογίας. Εισαγωγή, Αρχή της Συνεργασίας και Γλωσσικές Πράξεις, Ανάλυση Συνομιλίας: Η Μελέτη της Κοινωνικής Δράσης μέσα από τη Διεπιδραστική Ομιλία, Διεπιδραστική Κοινωνιογλωσσολογία, Η Κριτική Ανάλυση Λόγου: Μελετώντας τον Ιδεολογικό Ρόλο της Γλώσσας, Συνδέοντας το Κείμενο με το Σύστημα: Γλωσσικές Πράξεις και Σώματα Κειμένων, Δείξη και Επικοινωνία, Ευγένεια στον Λόγο, Ανάλυση Χιουμοριστικού Λόγου, Δίγλωσσες Επικοινωνίες, Παιδικός Λόγος, Κοινωνικό Φύλο: Μέθοδοι και Προσεγγίσεις, Αφηγηματικά Είδη, Ο Λόγος των ΜΜΕ, Ανάλυση Πολιτικού Λόγου, Ευρετήριο Όρων, Βιογραφικά Συγγραφέων.
700 1# - ΠΡΟΣΘΕΤΗ ΑΝΑΓΡΑΦΗ--ΦΥΣΙΚΟ ΠΡΟΣΩΠΟ
Personal name Γεωργαλίδου Μαριάνθη
9 (RLIN) 3954
700 1# - ΠΡΟΣΘΕΤΗ ΑΝΑΓΡΑΦΗ--ΦΥΣΙΚΟ ΠΡΟΣΩΠΟ
Personal name Σηφιανού Μαρία
9 (RLIN) 3955
700 1# - ΠΡΟΣΘΕΤΗ ΑΝΑΓΡΑΦΗ--ΦΥΣΙΚΟ ΠΡΟΣΩΠΟ
Personal name Τσάκωνα Βίλλυ
9 (RLIN) 3956
942 ## - ADDED ENTRY ELEMENTS (KOHA)
Koha item type Books
Holdings
Τύπος τεκμηρίου Βιβλιοθήκη Τρέχουσα τοποθεσία Barcode Αριθμός εισαγωγής Ημερομηνία απόκτησης Ταξιθετικό σύμβολο Αριθμός αντιτύπου Κατάσταση απόσυρσης Κατάσταση χαμένου Κατάσταση κατεστραμμένου Μη δανεισμός Σύνολο δανεισμών Ημερομηνία τελευταίας εμφάνισης Η τιμή ισχύει από
Books MC Athens Campus Library MC Athens Campus Library 9780000031518 7115 05/06/2025 302.2242 GEO 1           05/06/2025 05/06/2025

MC Athens Campus Library
Πατησίων 94 & Κοδριγκτώνος 13, 104 34
Πελλήνης 8 & Πατησίων 107, 112 51
Τ: +30 210 8899600

MC Thessaloniki Campus Library
Ίωνος Δραγούμη 21, 54625 | Ίωνος Δραγούμη 15, 54625
Τ: +30 2310 287779 – Τ: +30 2314 440300